000 00659nam a2200169Ia 4500
008 090711s9999 xx 000 0 und d
082 _b39238
100 _aजामखेडकर प्रभाकर
245 _aअधिक दुध देणारी नवी गाय
260 _bप्रिया प्रकाशन
_c1974
300 _a271
600 _aजामखेडकर प्रभाकर
630 _aअधिक दुध देणारी नवी गाय
700 _aजामखेडकर प्रभाकर
730 _aअधिक दुध देणारी नवी गाय
942 _cBOOK
999 _c328969
_d328969